000 00287nam a22001217a 4500
008 180918b xxu||||| |||| 00| 0 eng d
041 _aeng
080 _a710
100 _a45
101 _aART
245 _aSotheby's American Paintings, Drawings & Sculpture
_cSotheby
942 _2udc
_cBK
999 _c47903
_d47903